| 000 | 00486nam a2200157 i 4500 | ||
|---|---|---|---|
| 001 | 33783 | ||
| 003 | ES-MaACL | ||
| 005 | 20230906154823.0 | ||
| 007 | t| | ||
| 008 | 030203s1935 sp ||||1| spa d | ||
| 100 | 1 |
_aBoedo, Fernando. _929726 |
|
| 245 | 1 | 0 |
_aIberismo de Lope de Vega (dos Españas) _b: Segismundo ¿es el Contraquijote? / _cpor Fernando Boedo. |
| 260 |
_aMadrid : _b[s.n., _c1935] ( _fSèz Hermanos) |
||
| 300 |
_a303 p. ; _c19 cm. |
||
| 852 |
_aES-MaACL _jA-4676 _bR.16591 |
||
| 999 |
_c33783 _d33783 |
||